LEADER 01446nam a2200361 i 4500 001 991000827149707536 005 20020506124924.0 008 951017s1971 us ||| | eng 035 $ab10135157-39ule_inst 035 $aLE00637500$9ExL 040 $aDip.to Fisica$bita 084 $a53(082.2) 084 $a53.5.2 084 $a539.7 084 $aQC173 110 2 $aBrandeis University$0461165 245 10$aAtomic physics and astrophysics /$cedited by M. Chrétien and E. Lipworth 260 $aNew York :$bGordon and Breach Science Publishers,$c1971 300 $a2 v. :$bill. ;$c24 cm. 490 0 $aBrandeis University Summer Institute in theoretical physics ;$v1-2 (1969) 650 4$aAtomic spectroscopy 650 4$aNuclear astrophysics 650 4$aNuclear physics 700 1 $aChrétien, M. 700 1 $aLipworth, E. 907 $a.b10135157$b17-02-17$c27-06-02 912 $a991000827149707536 945 $aLE006 53(042+082.2) BRA$cV. 1$g1$i2006000032575$lle006$o-$pE0.00$q-$rl$s- $t0$u0$v0$w0$x0$y.i10159216$z27-06-02 945 $aLE006 53(042+082.2) BRA$cV. 2$g1$i2006000032582$lle006$o-$pE0.00$q-$rl$s- $t0$u0$v0$w0$x0$y.i10159228$z27-06-02 945 $aLE006 53(042+082.2) BRA$cV. 2$g1$i2006000032599$lle006$o-$pE0.00$q-$rl$s- $t0$u0$v0$w0$x0$y.i1015923x$z27-06-02 996 $aAtomic physics and astrophysics$9185361 997 $aUNISALENTO 998 $ale006$b01-01-95$cm$da $e-$feng$gus $h0$i3